Loading...
| Fine Arts - Classical Music | 0 | 5 | 0 | 0 | 50 | 48 | 79.00 | 0 | 4 | 12.35 | 25.01 |
| Geography | 0 | 4 | 0 | 1 | 40 | 120 | 136.75 | 0 | 0 | 1.32 | 15.00 |
| Literature - British | 0 | 3 | 0 | 0 | 30 | 117 | 135.00 | 0 | 0 | 2.58 | 7.53 |
| Science - Biology | 0 | 3 | 1 | 0 | 25 | 100 | 113.33 | 0 | 0 | 2.04 | 12.70 |
| Science - Chemistry | 0 | 2 | 0 | 0 | 20 | 125 | 126.50 | 0 | 0 | 0.26 | 6.13 |
| Fine Arts - Other | 0 | 2 | 0 | 0 | 20 | 64 | 94.50 | 0 | 2 | 4.17 | 10.78 |
| Literature - American | 0 | 2 | 0 | 0 | 20 | 61 | 103.00 | 0 | 0 | 3.94 | 5.00 |
| Religion | 0 | 2 | 0 | 2 | 20 | 145 | 145.00 | 0 | 0 | 0.04 | 0.96 |
| History - European | 0 | 1 | 0 | 0 | 10 | 143 | 143.00 | 0 | 0 | 0.00 | 1.23 |
| Literature - European | 0 | 1 | 0 | 0 | 10 | 154 | 154.00 | 0 | 0 | 0.00 | 0.25 |
| Mythology | 0 | 1 | 0 | 0 | 10 | 120 | 120.00 | 0 | 0 | 2.45 | 4.17 |
| Other Academic | 0 | 1 | 0 | 0 | 10 | 111 | 111.00 | 0 | 0 | 2.22 | 7.29 |
| Fine Arts - Painting & Sculpture | 0 | 1 | 0 | 0 | 10 | 98 | 98.00 | 0 | 1 | 1.79 | 5.26 |
| History - World | 0 | 1 | 0 | 1 | 10 | 136 | 136.00 | 0 | 0 | -0.04 | 0.27 |
| History - American | 0 | 0 | 1 | 0 | -5 | 0.00 | 0 | 0 | 0.00 | 0.00 |